To hedge or not to hedge? A study of international real estate investment under exchange rate uncertainty. (Record no. 97096)

MARC details
000 -LEADER
fixed length control field 01020cam a2200301 4500
008 - FIXED-LENGTH DATA ELEMENTS--GENERAL INFORMATION
fixed length control field 090401t1998 xxu||||| |||| 00| 0 eng d
020 ## - INTERNATIONAL STANDARD BOOK NUMBER
International Standard Book Number 0854068864
035 ## - SYSTEM CONTROL NUMBER
System control number (Sirsi) u85994
041 ## - LANGUAGE CODE
Language code of text/sound track or separate title eng
050 ## - LIBRARY OF CONGRESS CALL NUMBER
Classification number 332.6324
110 ## - MAIN ENTRY--CORPORATE NAME
Corporate name or jurisdiction name as entry element Royal Institution of Chartered Surveyors
9 (RLIN) 4900
245 ## - TITLE STATEMENT
Title To hedge or not to hedge? A study of international real estate investment under exchange rate uncertainty.
260 ## - PUBLICATION, DISTRIBUTION, ETC.
Place of publication, distribution, etc. London
Name of publisher, distributor, etc. RICS
Date of publication, distribution, etc. 1998
300 ## - PHYSICAL DESCRIPTION
Extent 30p. ; 30cm.
350 ## - PRICE (NR) (BK AM CF MU VM SE) [OBSOLETE]
Price 4.95
520 ## - SUMMARY, ETC.
Summary, etc. Research project commissioned by the RICS Education Trust and undertaken by the University of Reading and Colorado State University.
650 ## - SUBJECT ADDED ENTRY--TOPICAL TERM
Topical term or geographic name entry element HEDGING
650 ## - SUBJECT ADDED ENTRY--TOPICAL TERM
Topical term or geographic name entry element INTERNATIONAL INVESTMENT
650 ## - SUBJECT ADDED ENTRY--TOPICAL TERM
Topical term or geographic name entry element MONTE CARLO SIMULATION
650 ## - SUBJECT ADDED ENTRY--TOPICAL TERM
Topical term or geographic name entry element REAL ESTATE INVESTMENT
690 ## - LOCAL SUBJECT ADDED ENTRY--TOPICAL TERM (OCLC, RLIN)
Topical term or geographic name as entry element PROPERTY-PROPERTY FINANCE AND INVESTMENT
700 ## - ADDED ENTRY--PERSONAL NAME
Personal name Lizieri, Colin
700 ## - ADDED ENTRY--PERSONAL NAME
Personal name Worzala, Elaine
700 ## - ADDED ENTRY--PERSONAL NAME
Personal name Johnson, Richard
710 ## - ADDED ENTRY--CORPORATE NAME
Corporate name or jurisdiction name as entry element Colorado State University
9 (RLIN) 3636
942 ## - ADDED ENTRY ELEMENTS (KOHA)
Suppress in OPAC 0
948 ## - LOCAL PROCESSING INFORMATION (OCLC); SERIES PART DESIGNATOR (RLIN)
c (OCLC) 06/05/1998
Holdings
Withdrawn status Lost status Source of classification or shelving scheme Damaged status Not for loan Home library Current library Shelving location Date acquired Cost, normal purchase price Total Checkouts Full call number Barcode Date last seen Copy number Cost, replacement price Price effective from Koha item type Date last checked out
    Dewey Decimal Classification     London London RICS Boxes 14/09/1999 4.94   RICS 1998/22 30055697 06/08/2019 1 4.94 06/08/2019 Archive  
    Dewey Decimal Classification     London London RICS Boxes 14/09/1999 4.95   RICS 1998/22 30055698 06/08/2019 2 4.95 06/08/2019 Reference material  
    Dewey Decimal Classification     London London RICS Boxes 14/09/1999 4.95 3 RICS 1998/22 30055699 06/08/2019 3 4.95 06/08/2019 Book 28/03/2008